Microcomputers: (Record no. 193292)
[ view plain ]
| 000 -LEADER | |
|---|---|
| fixed length control field | 00980 a2200169 4500 |
| 003 - CONTROL NUMBER IDENTIFIER | |
| control field | NUST |
| 005 - DATE AND TIME OF LATEST TRANSACTION | |
| control field | 20230525125610.0 |
| 020 ## - INTERNATIONAL STANDARD BOOK NUMBER | |
| International Standard Book Number | 090589703X |
| 040 ## - CATALOGING SOURCE | |
| Transcribing agency | Nust |
| 082 ## - DEWEY DECIMAL CLASSIFICATION NUMBER | |
| Classification number | 004.16,CUR |
| 245 ## - TITLE STATEMENT | |
| Title | Microcomputers: |
| Remainder of title | the mini-micro revolution / |
| Statement of responsibility, etc. | edited by Alan Simpson |
| 260 ## - PUBLICATION, DISTRIBUTION, ETC. | |
| Place of publication, distribution, etc. | New York |
| Name of publisher, distributor, etc. | Input two Nine |
| Date of publication, distribution, etc. | 1977 |
| 300 ## - PHYSICAL DESCRIPTION | |
| Extent | 90 p.: |
| 505 ## - FORMATTED CONTENTS NOTE | |
| Formatted contents note | State Of Art Appraisal (Page-11), Social Implications (Page-23), Small Systems – Large Scale Training (Page-29), The Implications Of Micros For Mainframe Development (Page-35), Tomorrow’s Worlds – Computer Rule OK (Page-39), The Industry View (Page-47), Microprocessors – The Future For Software (Page-51), The Microcomputer Comes Of Age (Page-57), Do It Yourself Computing (Page-65), Mini Computers – A Catalyst For Change (Page-69), Programs – Off The Shelf (Page-73), Meeting The Needs Of Marketplace (Page-79), The Compact Answer (Page-83). |
| 650 ## - SUBJECT ADDED ENTRY--TOPICAL TERM | |
| Topical term or geographic name entry element | Microcomputers |
| 9 (RLIN) | 8096 |
| 942 ## - ADDED ENTRY ELEMENTS (KOHA) | |
| Source of classification or shelving scheme | |
| Koha item type | Book |
| Call number prefix | 004.16,CUR |
| Withdrawn status | Lost status | Source of classification or shelving scheme | Damaged status | Not for loan | Permanent Location | Current Location | Shelving location | Date acquired | Full call number | Barcode | Date last seen | Price effective from | Koha item type | Public note |
|---|---|---|---|---|---|---|---|---|---|---|---|---|---|---|
| Military College of Signals (MCS) | Military College of Signals (MCS) | General Stacks | 12/12/2016 | 004.16,CUR | MCS3157 | 12/08/2016 | 12/12/2016 | Book Bank | Almirah No.107, Shelf No.3 |
